LEADER 01018nam1 2200349 450 001 990000443790203316 035 $a0044379 035 $aUSA010044379 035 $a(ALEPH)000044379USA01 035 $a0044379 100 $a20010514d19..----km-y0itay0103----ba 101 $aeng 102 $aUS 105 $a||||||||001yy 200 1 $a<> collected papers of Muriel Bradbrook$fMuriel Clara Bradbrook 210 $aTotowa$cBarnes & noble books$d19... 215 $av.$d23 cm 410 $12001 606 0 $aShakespeare, William$xOpere$xStudi 676 $a822.33 700 1$aBRADBROOK,$bMuriel Clara$0157481 801 0$aIT$bsalbc$gISBD 912 $a990000443790203316 951 $aIL-i I 428$bEC$cIL-i I 428 959 $aBK 969 $aECO 979 $aPATTY$b90$c20010514$lUSA01$h1146 979 $aPATTY$b90$c20010514$lUSA01$h1146 979 $c20020403$lUSA01$h1652 979 $aPATRY$b90$c20040406$lUSA01$h1631 996 $aCollected papers of Muriel Bradbrook$9890391 997 $aUNISA LEADER 00798nam0-22002891i-450- 001 990002107210403321 005 20060614160514.0 035 $a000210721 035 $aFED01000210721 035 $a(Aleph)000210721FED01 035 $a000210721 100 $a20030910d1992----km-y0itay50------ba 101 0 $aeng 102 $aGB 200 1 $aComputer Simulation in Management Science$fMichael Pidd 205 $a3. 210 $aChichester$cJohn Wiley & Sons$d1992 215 $aXIX, 351 p.$d25 cm 610 0 $aEconometria 700 1$aPidd,$bMichael$089160 801 0$aIT$bUNINA$gRICA$2UNIMARC 901 $aBK 912 $a990002107210403321 952 $a62 330.115 PID$bSPEC.NE 56$fDAGEA 959 $aDAGEA 996 $aComputer Simulation in Management Science$9394389 997 $aUNINA LEADER 02756nam 2200721 450 001 9910818574603321 005 20210614051623.0 010 $a1-4985-0827-8 010 $a0-7391-8973-5 035 $a(CKB)2670000000590913 035 $a(EBL)1911836 035 $a(SSID)ssj0001401503 035 $a(PQKBManifestationID)12510370 035 $a(PQKBTitleCode)TC0001401503 035 $a(PQKBWorkID)11350302 035 $a(PQKB)11399110 035 $a(MiAaPQ)EBC1911836 035 $a(Au-PeEL)EBL1911836 035 $a(CaPaEBR)ebr11025450 035 $a(CaONFJC)MIL688291 035 $a(OCoLC)899942106 035 $a(EXLCZ)992670000000590913 100 $a20141009h20152015 uy| 0 101 0 $aeng 135 $aur|n|---||||| 181 $ctxt 182 $cc 183 $acr 200 10$aBlasphemy and defamation of religions in a polarized world $ehow polarized fundamentalism is challenging fundamental human rights /$fDarara Gubo 210 1$aLanham, Maryland :$cLexington Books,$d[2015] 210 4$dİ2015 215 $a1 online resource (197 p.) 300 $aDescription based upon print version of record. 311 $a0-7391-8972-7 311 $a1-322-57009-4 320 $aIncludes bibliographical references and index. 327 $aReligious freedom : its history and recognition -- Blasphemy and organization of Islamic cooperation -- Europe and blasphemy laws -- Conclusion and recommendation. 330 $aA growing importance of religion in international politics has resulted in rising polarization among nation states, which in turn has presented new challenges to international human rights principles. This book deals with some of these new challenges in Muslim states and their impact on human rights, and offers a solution. 606 $aHuman rights$xReligious aspects 606 $aFreedom of religion 606 $aFreedom of speech 606 $aBlasphemy 606 $aBlasphemy (Islam) 606 $aReligious fundamentalism 606 $aHuman rights$xReligious aspects$xIslam 606 $aFreedom of speech$xReligious aspects$xIslam 615 0$aHuman rights$xReligious aspects. 615 0$aFreedom of religion. 615 0$aFreedom of speech. 615 0$aBlasphemy. 615 0$aBlasphemy (Islam) 615 0$aReligious fundamentalism. 615 0$aHuman rights$xReligious aspects$xIslam. 615 0$aFreedom of speech$xReligious aspects$xIslam. 676 $a345/.0288 700 $aGubo$b Darara$f1979-$01642353 801 0$bMiAaPQ 801 1$bMiAaPQ 801 2$bMiAaPQ 906 $aBOOK 912 $a9910818574603321 996 $aBlasphemy and defamation of religions in a polarized world$93986986 997 $aUNINA